header

Teaching to the brain's natural learning systems (Record no. 75064)

MARC details
000 -LEADER
fixed length control field 01044nam a2200265Ia 4500
100 1# - MAIN ENTRY--AUTHOR NAME
Personal name Given, Barbara K.,
245 10 - TITLE STATEMENT
Title Teaching to the brain's natural learning systems
260 ## - PUBLICATION, DISTRIBUTION, ETC. (IMPRINT)
Place of publication Alexandria, Va. :
Name of publisher Association for Supervision & Curriculum Development,
Year of publication 2002.
300 ## - PHYSICAL DESCRIPTION
Number of Pages 178 p.
650 #0 - SUBJECT ADDED ENTRY--TOPICAL TERM
Topical Term Learning, Psychology of.
Topical Term Brain.
856 40 - ELECTRONIC LOCATION AND ACCESS
Uniform Resource Identifier http://site.ebrary.com/lib/rucke/Doc?id=10044770

No items available.

© 2026 Rongo University
Contact us: librarian | system librarian | Rongo university